sở lý thuyết đàn hồi, lý thuyết dẻo, lý thuyết từ biến. /
שמור ב:
| מחבר ראשי: | |
|---|---|
| מחברים אחרים: | |
| פורמט: | Sách giấy |
| שפה: | Vietnamese |
| יצא לאור: |
H. :
Đại Học và Trung học chuyên nghiệp,
1978.
|
| תגים: |
הוספת תג
אין תגיות, היה/י הראשונ/ה לתייג את הרשומה!
|
| Thư viện lưu trữ: | Thư viện Trường Đại học Đà Lạt |
|---|
| LEADER | 00753nam a2200277 4500 | ||
|---|---|---|---|
| 001 | DLU140159149 | ||
| 005 | ##20140122 | ||
| 040 | # | # | |a DLU |b vie |
| 041 | # | # | |a vie |
| 044 | # | # | |a vn |
| 082 | # | # | |a 531.38 |b BE-N |
| 100 | # | # | |a Bêdukhốp, N.I. |
| 245 | # | # | |a sở lý thuyết đàn hồi, lý thuyết dẻo, lý thuyết từ biến. / |c Bêdukhốp, N.I; Phan Ngọc Châu, |e dịch. |
| 260 | # | # | |a H. : |b Đại Học và Trung học chuyên nghiệp, |c 1978. |
| 300 | # | # | |a 270 tr. ; |c 22 cm. |
| 700 | # | # | |a Phan ngọc Châu, |e chủ biên |
| 923 | # | # | |a TL |
| 991 | # | # | |a SH |
| 994 | # | # | |a DLU |
| 900 | # | # | |a True |
| 911 | # | # | |a Nguyễn Thị Tưởng |
| 925 | # | # | |a G |
| 926 | # | # | |a A |
| 927 | # | # | |a SH |
| 980 | # | # | |a Thư viện Trường Đại học Đà Lạt |